| 000 | 00447 a2200169 4500 | ||
|---|---|---|---|
| 005 | 20260401115406.0 | ||
| 008 | 260325b |||||||| |||| 00| 0 eng d | ||
| 020 |
_a9789393168481 _cRs. 695.00 |
||
| 040 | _aMAIN | ||
| 082 |
_a592 _bR186P |
||
| 100 | _aRastogi, Veer Bala | ||
| 245 | _aPractical invertebrate Zoology | ||
| 260 |
_bMedTech Science Press _c2025 _aNew Delhi |
||
| 650 | _aInvertebrates Zoology | ||
| 650 | _aZoology | ||
| 942 | _cBK | ||
| 999 |
_c396799 _d396799 |
||